000 00648nam a2200181Ia 4500
008 100921s9999 xx 000 0 und d
082 _b24118
_a891.463 थ 91
100 _aमंगेशकर गीता,बांदोडकर गौरी.
245 _aबोरबन.
260 _bप्रिया प्रकाशन, मुंबई.
_c1991
300 _a184
_bभावे पुस्तक भांडार,पुणे
365 _b100
520 _aललित-कादंबरी.
630 _aबोरबन.
650 _aललित-कादंबरी.
730 _aबोरबन.
942 _cBOOK
999 _c773231
_d773228